A-Z: animals & plants ending in E - Statistics

General Stats
  • This quiz has been taken 32 times
  • The average score is 14 of 26
Answer Stats
Initial letter Clue Organism's name ending in E % Correct
A Great, hairy, intelligent primate Ape
100%
B Buzzing insect Bee
100%
D Medium-sized bird which symbolises peace Dove
100%
E Magnificent bird of prey Eagle
97%
G Tallest animal in the world Giraffe
97%
C Howling wild dog of America Coyote
93%
K Orca Killer whale
90%
H Mammal used by people for transport Horse
87%
M Likeable rodent often used as a character in stories Mouse
87%
T Slow-moving, long-lived reptile Tortoise
80%
N Small, plain European bird noted for its distinctive song Nightingale
63%
V Small rodent Vole
53%
O Yellow and black songbird group which includes Baltimore and golden species Oriole
47%
W Powerful predatory mammal of northern latitudes Wolverine
43%
Z Hybrid of a striped mammal and a racing one Zorse
43%
P Ground-dwelling bird somehow associated with a certain fruit tree Partridge
40%
Q Royal-sounding serpent Queen snake
33%
J Monkey of Honshu, famous for taking dips in hot springs Japanese macaque
20%
F Dangerous snake with a French name which refers to iron Fer-de-lance
17%
R European bird of prey with a forked tail Red kite
17%
I Colourful member of the crow family found in Spain and Portugal Iberian magpie
13%
X Another name for the Sabine’s gull, based on its scientific name, xema sabini Xeme
13%
L Household pest, an insect associated with kitchens Larder beetle
10%
U Bird similar to a large shelduck, associated with hilly areas Upland goose
10%
Y Marine serpent with light orangey underparts Yellow-bellied sea snake
10%
S Coral-like marine invertebrate Sea anemone
7%
No matching quizzes found
Score Distribution
Percent of People with Each Score
Percentile by Number Answered
Your Score History
You have not taken this quiz